000 00646nam a2200277Ia 4500
005 20260324141713.0
008 008 260324s9999 xx 000 0 eng d
020 _a9780080928739
037 _aEBOOK
040 _aCRL
040 _beng
040 _cCRL
041 _2eng
041 _aeng
084 _qCRL
100 _aA. M. Marsden; J R Coaton; M.A. Cayless
_91209193
245 0 _aLamps and Lighting
260 _bTaylor and Francis
260 _c1996
365 _a
365 _b450
856 _uhttp://www.taylorfrancis.com/books/9780080928739
942 _cEBOOK
999 _c1812568
_d1812568